Hubris and hybrids : a cultural history of technology and science

Αποθηκεύτηκε σε:
Λεπτομέρειες βιβλιογραφικής εγγραφής
Κύριος συγγραφέας: Hard, Mikael
Άλλοι συγγραφείς: Jamison, Andrew
Μορφή: Βιβλίο
Γλώσσα:English
Δημοσίευση: New York : Routledge, 2005
Θέματα:
Ετικέτες: Προσθήκη ετικέτας
Δεν υπάρχουν, Καταχωρήστε ετικέτα πρώτοι!

MARC

LEADER 00000nam a2200000 i 4500
001 1/70623
008 080116s2005 eng d
020 |a 0-415-94939-4 (pbk.) 
035 |l 10093726 
040 |a GR-MY-UA  |b gre  |e aacr 
041 0 |a eng 
082 0 |a 303.483  |2 (22) 
100 1 |a Hard, Mikael. 
245 1 0 |a Hubris and hybrids :  |b a cultural history of technology and science /  |c Mikael Hard and Andrew Jamison 
260 |a New York :   |b Routledge,   |c 2005 
300 |a xv, 335 σ.;  |b εικ.;  |c 24 εκ. 
504 |a Βιβλιογραφία: σ. 309-325 
504 |a Ευρετήριο: σ. 327-335 
650 0 0 |a Technology  |x History. 
650 0 0 |a Science  |x History. 
700 1 |a Jamison, Andrew. 
852 |a INST  |b LESVOS  |e 20080116  |h 303.483 HAR  |p 005100040327  |q 005100040327  |t BK  |y 0 
901 |a BIBL1-2008-1 
909 |a Λ  |b 142785 
922 |a 1ΕΛΗ  |b 200712  |c ΕΠΕΑΕΚ2/ΤΚΑ  |d ΕΛΕΥΘΕΡΟΥΔΑΚΗΣ 
970 |a ΚΑΡΑ  |b ΓΙΑΣΕΜΗ  |z 2008/01/16